Statistiche per Conto alla rovescia da 50 in 15 secondi

Clicka qui per fare il quiz!

Statistiche generali

  • Questo quiz è stato fatto 1.999 volte
  • Il punteggio medio è 16 su 50

Statistiche sulle risposte

Number% Corretto
50
99%
49
94%
48
91%
47
90%
46
87%
45
86%
44
83%
43
80%
42
79%
41
77%
40
70%
39
63%
38
61%
37
60%
36
56%
35
53%
34
49%
33
44%
32
38%
31
34%
30
28%
29
24%
28
21%
27
19%
26
17%
25
16%
24
14%
23
12%
22
10%
20
7%
21
7%
19
6%
18
5%
13
4%
14
4%
15
4%
16
4%
17
4%
11
3%
12
3%
1
2%
10
2%
2
2%
3
2%
4
2%
5
2%
6
2%
7
2%
8
2%
9
2%

Distribuzione punteggi

Percentile per numero di risposta

Percentuale di utenti per punteggio

I tuoi punteggi nel tempo

Non hai fatto questo quiz